00000000nam##2200000za#4500
0019.636729
003CaOODSP
00520210624220853
007cr |||||||||||
008150407|2009||||xxc|||||o    f|0| 0 fre|d
020 |a978-1-100-92400-7
040 |aCaOODSP|bfre
043 |an-cn---
0861 |aPH4-57/2009F-PDF
1101 |aCanada.|bProjet de recherche sur les politiques.
24510|aLes valeurs des jeunes au Canada - rapport de recherche / |h[ressource électronique]|c[par] Marc Molgat.
260 |aOttawa - Ontario : |bProjet de recherche sur les politiques |cMars 2010.
300 |a54p.|bfigures, références, tableaux
500 |a"Projet du PRP - Investir dans la jeunesse" - en couverture.
590 |a10-10|b2010-03-12
69107|aÉthique|2gcpds
69107|aJeunesse|2gcpds
7201 |aMolgat, Marc
77508|tThe values of youth in Canada - research paper / |w(CaOODSP)9.692461
85640|ahttp://publications.gc.ca|qPDF|s422 Ko|uhttps://publications.gc.ca/collections/collection_2010/prp-pri/PH4-57-2009-fra.pdf